| 000 | 00356 a2200133 4500 | ||
|---|---|---|---|
| 001 | 91400 | ||
| 082 | _aPR 1296 | ||
| 090 |
_c43530 _d43529 |
||
| 100 | _aZeeshan; Prof Wajid Ali (Advisor) | ||
| 245 |
_aModification of the Existing Design Softwares _n49 "A" EC |
||
| 260 |
_aKarachi _bNED University _c1998 |
||
| 300 | _a116p | ||
| 500 | _aBE Project Reports | ||
| 942 |
_aCAE NUST _kPR 1296 |
||
| 999 |
_c326473 _d326473 |
||